Sheng'an ji : [81 juan] /
Saved in:
| Main Author: | |
|---|---|
| Other Authors: | |
| Format: | Book |
| Language: | Chinese |
| Published: |
[Taipei] :
Taiwan shang wu yin shu guan,
[1983]
|
| Series: | Ying yin Wen yuan ge Si ku quan shu ;
di 1270 ce. |
| Tags: |
Add Tag
No Tags, Be the first to tag this record!
|
| LEADER | 01527cam a2200325ua 4500 | ||
|---|---|---|---|
| 001 | 007710732-2 | ||
| 005 | 20030512094504.0 | ||
| 008 | 930505s1983 ch 000 0 chi d | ||
| 035 | 0 | |a ocm28049762 | |
| 040 | |a CLU |c CLU |d *YNH* |d CStRLIN | ||
| 100 | 1 | |6 880-01 |a Yang, Shen, |d 1488-1559. | |
| 245 | 1 | 0 | |6 880-02 |a Sheng'an ji : |b [81 juan] / |c (Ming) Yang Shen zhuan ; Zhang Shipei bian. |
| 260 | |6 880-03 |a [Taipei] : |b Taiwan shang wu yin shu guan, |c [1983] | ||
| 300 | |a 825 p. ; |c 28 cm. | ||
| 490 | 1 | |6 880-04 |a Ying yin Wen yuan ge Si ku quan shu ; |v di 1270 ce | |
| 500 | |6 880-05 |a Reproduced from the collection in possession of Guo li gu gong bo wu yuan. | ||
| 500 | |a Each page represents 2 leaves of the original. | ||
| 500 | |6 880-06 |a Series title on cover and spine: Ying yin Wen yuan ge Si ku quan shu. Ji bu 209, Bie ji lei. | ||
| 700 | 1 | |6 880-07 |a Zhang, Shipei. | |
| 880 | 1 | |6 100-01 |a 楊愼, |d 1488-1559. | |
| 880 | 1 | 0 | |6 245-02 |a 升菴集 : |b [81卷] / |c (明) 楊愼撰 ; 張士佩編. |
| 880 | |6 260-03 |a [Taipei] : |b 臺灣商務印書館, |c [1983] | ||
| 880 | 1 | |6 490-04 |a 景印文淵閣四庫全書 ; |v 第1270册 | |
| 880 | |6 500-05 |a Reproduced from the collection in possession of 國立故宮博物院. | ||
| 880 | |6 500-06 |a Series title on cover and spine: 景印文淵閣四庫全書. 集部209, 別集類. | ||
| 880 | 1 | |6 700-07 |a 張士佩. | |
| 830 | 0 | |6 880-54 |a Ying yin Wen yuan ge Si ku quan shu ; |v di 1270 ce. | |
| 880 | 0 | |6 830-54 |a 景印文淵閣四庫全書 ; |v 第1270册. | |
| 988 | |a 20021103 | ||
| 906 | |0 OCLC | ||


